000 00860nam a2200205Ia 4500
999 _c40181
_d40181
001 6787
003 GE_BSU
005 20200115110500.0
008 181216s1955||||g |||||||||||||| ||geo||
040 _cGE_BSU
041 _ageo
080 _a821.353.1-32-2 გ-59
100 _aგოგიავა, კლიმენტი.
_95998
245 _aმოთხრობები და პიესები /
_cკლიმენტი გოგიავა ; რედ. ალექსანდრე ჯიქია.
264 _aსოხუმი :
_bაფხაზეთის სახელგამი,
_c1955.
300 _a261 გვ. ;
_c21 სმ.
653 _aმოთხრობები და პიესები
700 _aჯიქია, ალექსანდრე
_eრედაქტორი
_96111
942 _cBK
_2udc